000 00591nam a2200241 a 4500
001 0001-1332
003 ELIB.Books
008 150825 2010 eng
020 _a0425099997
035 _a(ELIB.Books)0001-1487
092 _a158
_bWai
100 _aWaitley, Denis.
245 _aThe Psychology of Winning
260 _aNew york
_bBerkley Books
_c1979
300 _a176
_c17.5 Cm
500 _aDr. Min Oo
650 _aPsychology
856 _nKBTS: Library
_uKBTS: Elib
942 _2ddc
_cBK
990 _a1
998 _cbat
_e2015-08-25
999 _c11332
_d11332